书目信息 |
| 题名: |
普通话正音手册
|
|
| 作者: | 徐世荣 编著 | |
| 分册: | ||
| 出版信息: | 北京 文字改革出版社 1980 |
|
| 页数: | 195页 | |
| 开本: | 13cm | |
| 丛书名: | ||
| 单 册: | ||
| 中图分类: | H102-62 | |
| 科图分类: | ||
| 主题词: | 汉语 | |
| 电子资源: | ||
| ISBN: | ||
| 000 | 00618nam0 2200229 45 | |
| 001 | 0180004654 | |
| 005 | 20060410102429.56 | |
| 010 | @dCNY0.30 | |
| 091 | @a9060.652 | |
| 100 | @a19950630d1980 em y0chiy0121 ea | |
| 101 | 0 | @achi |
| 102 | @aCN@b110000 | |
| 105 | @ay z 000yy | |
| 200 | 10 | @a普通话正音手册@Apu tong hua zheng yin shou ce@f徐世荣编著@Fxu shi rong bian zhu |
| 210 | @a北京@c文字改革出版社@d1980 | |
| 215 | @a195页@d13cm | |
| 606 | 0 | @a汉语 |
| 690 | @aH102-62@v4 | |
| 701 | 0 | @a徐世荣@Axu shi rong@4编著 |
| 801 | 2 | @aCN@bNLC@c20060410 |
| 801 | 0 | @aCN@b上海图书馆@c20040229 |
| 905 | @dH102-62@e24 | |
| 普通话正音手册/徐世荣编著.-北京:文字改革出版社,1980 |
| 195页;13cm |
| ISBN :CNY0.30 |
| ● |
| 相关链接 |
|
|
|
|
正题名:普通话正音手册
索取号:H102-62/24
 
预约/预借
| 序号 | 登录号 | 条形码 | 馆藏地/架位号 | 状态 | 备注 |
| 1 | 0036511 | 001902748 | 密集书库/ [索取号:H102-62/24] | 在馆 | |
| 2 | 0036513 | 000825726 | 密集书库/ [索取号:H102-62/24] | 在馆 | |
| 3 | 0036514 | 000825717 | 密集书库/ [索取号:H102-62/24] | 在馆 |